000 03401nam a2200529 i 4500
001 BDZ0057076059
003 StDuBDS
005 20250625101359.0
006 m|||||o||d||||||||
007 cr |||||||||||
008 250228t20252025enka fob 001|0 eng|d
020 _a9781040403471 (PDF ebook) :
_cNo price
020 _a9781040403501 (ePub ebook) :
_cNo price
020 _z9781915722768 (pbk.) :
_c55.00
040 _aStDuBDS
_beng
_erda
_epn
_cStDuBDS
_dStDuBDSZ
050 4 _aKD1641
_b.L9 2025
072 7 _aHOU
_2ukslc
072 7 _aTD
_2bicssc
072 7 _aAMD
_2bicssc
072 7 _aTN
_2bicssc
072 7 _aTD
_2thema
072 7 _aAMD
_2thema
072 7 _aTN
_2thema
082 0 4 _a692.80941
_223
100 1 _aLupton, Sarah,
_eauthor.
245 1 0 _aGuide to JCT Design and Build Contract 2024
_h[electronic resource] /
_cSarah Lupton, Manos Stellakis.
264 1 _aLondon :
_bRIBA Publishing,
_c[2025]
264 4 _c2025
300 _a1 online resource (ix, 198 pages) :
_billustrations (black and white)
336 _atext
_2rdacontent
336 _astill image
_2rdacontent
337 _acomputer
_2rdamedia
338 _aonline resource
_2rdacarrier
366 _b20250401
_cIn stock
504 _aIncludes bibliographical references and index.
505 0 _aForeword About the Authors About this Guide 1. About MW24 2. Documents 3. Obligations of the contractor 4. Commencement and completion 5. Control of the works 6. Sums properly due 7. Certification 8. Indemnity and insurance 9. Termination 10. Dispute resolution References Clause index for MW24 Clause index for MWD24 Subject index
520 8 _aThe latest edition of the JCT Guide series is an essential resource for architects working with the JCT Design & Build Contract 2024. Organised by topic, this guide offers a clear, practical breakdown of the contract's provisions, procedures and party obligations. It also addresses potential contractual issues with support from the latest legislation and case law.Key updates in the 2024 edition: Comprehensive analysis of the JCT Design & Build Contract 2024, covering all recent changes. Legislative updates, including the Building Safety Act, Building Regulations Part 2A and the Procurement Act 2023. Case law coverage on crucial topics, like design liability, responsibility for employer requirements and planning permission, concurrent delay, practical completion, and more. Comparative insights on other JCT contracts and NEC4, offering a broader view of contract management. New figures and tables, improving clarity and ease of use. Whether you're a seasoned practitioner or a student preparing for exams, this guide is designed to simplify complex contract administration and ensure compliance with the latest legal requirements. With its clear structure and expert analysis, it's an indispensable tool for architects handling the JCT Design & Build Contract.
588 _aDescription based on print version record.
650 0 _aCONSTRUCTION CONTRACTS
650 0 _aEBOOK
650 7 _aENGINEERING
700 1 _aStellakis, Manos,
_eauthor.
710 2 _aJoint Contracts Tribunal,
_eissuing body.
776 0 8 _iPrint version :
_z9781915722768
856 4 0 _uhttps://www.vlebooks.com/product/openreader?id=RICS&accId=9491556&isbn=9781040403471
_zAvailable on VLeBooks (email [email protected] if you do not have a login)
942 _2ddc
999 _c122180
_d122180